| 000 | 00759nam a2200229Ia 4500 | ||
|---|---|---|---|
| 008 | 160319s9999 xx 000 0 und d | ||
| 020 | _a971-912-20-9-2 | ||
| 050 | _aFIL LB 3051 | ||
| 050 | _b.D45 2001 c.1 | ||
| 100 | _aDel Rosario, Asuncion C. Mercado. | ||
| 245 | _aEducational measurement and evaluation / | ||
| 245 | _cAsuncion C. Mercado - Del Rosario. | ||
| 260 | _aManila : | ||
| 260 | _bJade Bookstore Educational Pub. House, | ||
| 260 | _c2001 | ||
| 300 | _a173 pages : | ||
| 300 | _billustrations ; | ||
| 300 | _c23 cm. | ||
| 500 | _aIncludes bibliographical references and index. | ||
| 650 | _aEducational tests and measurements -- Study and teaching. | ||
| 650 | _xEducational tests and measurements -- Problems, exercises, etc. | ||
| 999 |
_c291637 _d291637 |
||